Yuvathikale vilkkunna kolayali(യുവതികളെ വിൽക്കുന്ന കൊലയാളി) (Record no. 115948)

MARC details
000 -LEADER
fixed length control field 00323 a2200097 4500
020 ## - INTERNATIONAL STANDARD BOOK NUMBER
International Standard Book Number 9788198754974
100 ## - MAIN ENTRY--PERSONAL NAME
Personal name Kottayam Pushpanath
245 ## - TITLE STATEMENT
Title Yuvathikale vilkkunna kolayali(യുവതികളെ വിൽക്കുന്ന കൊലയാളി)
260 ## - PUBLICATION, DISTRIBUTION, ETC. (IMPRINT)
Name of publisher, distributor, etc Kottayam Pushpanath publications
Date of publication, distribution, etc 2026
942 ## - ADDED ENTRY ELEMENTS (KOHA)
Koha item type On order/under processing
Holdings
Withdrawn status Lost status Damaged status Not for loan Home library Current library Date acquired Source of acquisition Cost, normal purchase price Total Checkouts Barcode Date last seen Cost, replacement price Price effective from Koha item type
        University Library University Library 16/03/2026 269 132.67   00098032 16/03/2026 199.00 16/03/2026 On order/under processing
University Library, CUSAT